Sintaxis general.
Saved in:
| Hovedforfatter: | |
|---|---|
| Andre forfattere: | , |
| Format: | Bog |
| Sprog: | engelsk |
| Udgivet: |
Madrid, España:
Gredos,
1987.
|
| Serier: | Biblioteca Románica Hispánica, III. Manuales,
68 |
| Fag: | |
| Tags: |
Tilføj Tag
Ingen Tags, Vær først til at tagge denne postø!
|
MARC
| LEADER | 00000nam a2200000 a 4500 | ||
|---|---|---|---|
| 001 | UCW8250 | ||
| 003 | CL-VaPUC | ||
| 005 | 20220822114503.0 | ||
| 008 | 220614b1987 ||||| |||| 00| 0 eng d | ||
| 999 | |c 436004 |d 436002 | ||
| 020 | |a 84-249-1236-5 | ||
| 040 | |c Pontificia Universidad Católica de Valparaíso | ||
| 082 | 0 | 4 | |a 415 MAR 1987 |2 21 |
| 100 | |a Martinet, André V. |e autor |9 611822 | ||
| 245 | 1 | 0 | |a Sintaxis general. |
| 260 | |a Madrid, España: |b Gredos, |c 1987. | ||
| 300 | |a 379 páginas. | ||
| 490 | 0 | |a Biblioteca Románica Hispánica, III. Manuales, |v 68 | |
| 500 | |a c.1 Donación Familia Prof. Alejandro Guzmán Brito. | ||
| 583 | |a last modification |c 19880726 00:00:00 |k Cristina María Rojas Aguilar | ||
| 650 | 0 | |a Lingüística |9 265068 | |
| 650 | 0 | |a Español |x Sintaxis |9 870324 | |
| 700 | |a Yllera, Alicia |e versión española |9 870641 | ||
| 700 | |a Corcuera Manso, J. Fidel |e versión española |9 870642 | ||
| 942 | |c BK |2 ddc |n 0 | ||
| 952 | |0 0 |1 0 |2 ddc |4 0 |6 415_000000000000000_MAR_1987 |7 0 |8 C_AGB |9 583677 |a BIBDER |b BIBDER |d 2022-06-14 |e Donación |i 5651805 |o 415 MAR 1987 |p 5651805 |r 2023-01-25 |t 1 |w 2022-06-14 |y BK_US |k AGB | ||